Playing with fire (Record no. 71062)

MARC details
000 -LEADER
fixed length control field 01350cam a2200229 4500
001 - CONTROL NUMBER
control field ABS65798
008 - FIXED-LENGTH DATA ELEMENTS--GENERAL INFORMATION
fixed length control field 020902n2002 000 0 eng u
035 ## - SYSTEM CONTROL NUMBER
System control number (Sirsi) u119533
100 ## - MAIN ENTRY--PERSONAL NAME
Personal name Creasey, S.
245 ## - TITLE STATEMENT
Title Playing with fire
260 ## - PUBLICATION, DISTRIBUTION, ETC.
Date of publication, distribution, etc. 2002
490 ## - SERIES STATEMENT
Series statement Property Week
Volume/sequential designation 16 August 2002, 6-7(2)
520 ## - SUMMARY, ETC.
Summary, etc. Discusses the problem with the flammability of sandwich boards used in shed construction. Describes how the material is popular with the food industry as it is a good insulator and is extremely hygienic but the Association of British Insurers (ABI) has found that the expanded polystyrene contributes to the rapid spread of fire. The insurance industry has been increasingly unwilling to cover these buildings with a recent deal for a sandwich panelled shed being called off because the costs to insure it were too great. Argues the solution for existing property would be to reclad the building with a more fire-resistant material. For future design, the costs of materials need to be looked at in relation to increased insurance costs.
590 ## - LOCAL NOTE (RLIN)
Local note ABS
650 ## - SUBJECT ADDED ENTRY--TOPICAL TERM
Topical term or geographic name entry element MANAGEMENT-HEALTH AND SAFETY-FIRE SAFETY
650 ## - SUBJECT ADDED ENTRY--TOPICAL TERM
Topical term or geographic name entry element FIRE INSURANCE
650 ## - SUBJECT ADDED ENTRY--TOPICAL TERM
Topical term or geographic name entry element ASSOCIATION OF BRITISH INSURERS
650 ## - SUBJECT ADDED ENTRY--TOPICAL TERM
Topical term or geographic name entry element SANDWICH BOARDS
650 ## - SUBJECT ADDED ENTRY--TOPICAL TERM
Topical term or geographic name entry element CONSTRUCTION PROJECTS
690 ## - LOCAL SUBJECT ADDED ENTRY--TOPICAL TERM (OCLC, RLIN)
Topical term or geographic name as entry element BUILT ENVIRONMENT-BUILDING STANDARDS
942 ## - ADDED ENTRY ELEMENTS (KOHA)
Suppress in OPAC 0
Holdings
Withdrawn status Lost status Source of classification or shelving scheme Damaged status Not for loan Home library Current library Shelving location Date acquired Total Checkouts Full call number Barcode Date last seen Copy number Price effective from Koha item type
    Dewey Decimal Classification     London London Journal article 02/09/2002   ABS65798 119533-1001 06/08/2019 1 06/08/2019 Journal article